Piłkarska kariera Kevina De Bruyne - Statystyki

Ogólne statystyki
  • Ten quiz został rozwiązany 138 razy
  • Średni wynik to 6 z 8
Statystyki odpowiedzi
Lata Drużyna % Poprawnych
2015-teraz Manchester City
100%
2014-2015 Wolfsburg
87%
2012-2012 Chelsea
77%
2012-2012 Chelsea
77%
2013-2014 Chelsea
77%
2008-2012 Genk
61%
2012-2012 Genk
61%
2012-2013 Werder Brema
44%
Nie znaleziono quizów pasujących do podanych kryteriów
Rozkład punktacji
Procent ludzi z każdym wynikiem
Percentyl według liczby udzielonych odpowiedzi
Twoja historia wyników
Nie rozwiązałeś tego quizu